Pick That Color! Quiz Stats

 Plays Quiz Updated Jun 16, 2018

Score 0/20 Timer 05:00
13 Plays Today
Question Answer Wrong Answers
Which of these colors is
MAROON?
Maroon
94.5%
Fuchsia
1.3%
Cyan
1.2%
Celadon
0.4%
Which of these colors is
MAGENTA?
Magenta
93.4%
Ultramarine
0.8%
Ocher
1%
Alabaster
0.5%
Which of these colors is
FUCHSIA?
Fuchsia
91.4%
Cyan
2.5%
Maroon
2.7%
Celadon
1.5%
Which of these colors is
MAUVE?
Mauve
90.7%
Cerulean
1.4%
Vermilion
4.5%
Chartreuse
2.6%
Which of these colors is
ULTRAMARINE?
Ultramarine
90%
Magenta
3.3%
Ocher
0.5%
Alabaster
2%
Which of these colors is
CYAN?
Cyan
89.3%
Fuchsia
3%
Maroon
2%
Celadon
2.9%
Which of these colors is
PERIWINKLE?
Periwinkle
87.3%
Auburn
5.6%
Umber
1.1%
Amber
1.2%
Which of these colors is
AUBURN?
Auburn
86.8%
Periwinkle
0.7%
Umber
4.6%
Amber
3.2%
Which of these colors is
COBALT?
Cobalt
86.8%
Parakeet
1.7%
Heliotrope
0.8%
Taupe
7.2%
Which of these colors is
TAUPE?
Taupe
84%
Parakeet
6.3%
Heliotrope
4.8%
Cobalt
1.1%
Which of these colors is
ALABASTER?
Alabaster
81.6%
Magenta
8.1%
Ultramarine
1.2%
Ocher
4.6%
Which of these colors is
PARAKEET?
Parakeet
80.9%
Heliotrope
10.9%
Cobalt
2.6%
Taupe
1.6%
Which of these colors is
CERULEAN?
Cerulean
80.1%
Mauve
8.2%
Vermilion
3.7%
Chartreuse
7.7%
Which of these colors is
AMBER?
Amber
71.1%
Periwinkle
1.5%
Auburn
20.9%
Umber
2%
Which of these colors is
CHARTREUSE?
Chartreuse
69.3%
Mauve
7.2%
Cerulean
7.7%
Vermilion
14.4%
Which of these colors is
OCHER?
Ocher
67%
Magenta
5.5%
Ultramarine
5.6%
Alabaster
17.7%
Which of these colors is
VERMILION?
Vermilion
53.8%
Mauve
20.5%
Cerulean
2.9%
Chartreuse
22.4%
Which of these colors is
CELADON?
Celadon
48%
Fuchsia
1.7%
Cyan
39.4%
Maroon
8.4%
Which of these colors is
UMBER?
Umber
42.5%
Periwinkle
5.1%
Auburn
43.9%
Amber
3.8%
Which of these colors is
HELIOTROPE?
Heliotrope
41.3%
Parakeet
20.2%
Cobalt
14%
Taupe
20.9%

You're not logged in!

Compare scores with friends on all Sporcle quizzes.
OR
Log In

Sporcle TV

Today on Sporcle TV


Watch our educational content, quiz creation guides, and fun videos on Sporcle TV.

Show Comments

Extras

Top Quizzes Today


Score Distribution

Your Account Isn't Verified!

In order to create a playlist on Sporcle, you need to verify the email address you used during registration. Go to your Sporcle Settings to finish the process.

Report this User

Report this user for behavior that violates our Community Guidelines.

Details: